Estudios de literatura latina. (Record no. 61000)

MARC details
000 -LEADER
campo de control de longitud fija 00888nam a2200193 i 4500
001 - NÚMERO DE CONTROL
campo de control 61000
003 - IDENTIFICADOR DE NÚMERO DE CONTROL
campo de control ES-MaACL
005 - FECHA Y HORA DE LA ÚLTIMA TRANSACCIÓN
campo de control 20230906164340.0
007 - CAMPO FIJO DE DESCRIPCIÓN FÍSICA--INFORMACIÓN GENERAL
campo de control de longitud fija t|
008 - DATOS DE LONGITUD FIJA--INFORMACIÓN GENERAL
campo de control de longitud fija 031110s1969 sp ||||1| spa d
245 00 - MENCIÓN DEL TÍTULO
Título Estudios de literatura latina.
260 ## - PUBLICACIÓN, DISTRIBUCIÓN, ETC.
Lugar de publicación, distribución, etc. Madrid :
Nombre del editor, distribuidor, etc. Taurus,
Fecha de publicación, distribución, etc. [1969]
300 ## - DESCRIPCIÓN FÍSICA
Extensión 206 p. ;
Dimensiones 24 cm.
490 1# - MENCIÓN DE SERIE
Mención de serie Cuadernos de la Fundación Pastor
505 8# - NOTA DE CONTENIDO CON FORMATO
Nota de contenido con formato Contiene: La épica latina tradiciona / por Juan Gil. Plautus, sui imítator? / por José Antonio Correo. Hispania como tema político en la obra de Julio César / por Sebastián Mariner. Valoración ideológica y estética de las "Metamorfosis de Oviedo" / por Antonio Ruíz de Elvia. De la moral a la política : las "cartas a Lucilio" de Séneca / por Rosa María Francia
830 0# - PUNTO DE ACCESO ADICIONAL DE SERIE-TÍTULO UNIFORME
Título uniforme Cuadernos de la Fundación Pastor
9 (RLIN) 182742
852 ## - LOCALIZACIÓN
Ubicación ES-MaACL
Número de control de estantería C-36568
Sublocalización o colección R.69895
Holdings
Estatus retirado Estado de pérdida Estado de daño No para préstamo Biblioteca de origen Biblioteca actual Ubicación en estantería Fecha de adquisición Fuente de adquisición Total de préstamos Signatura topográfica completa Código de barras Visto por última vez Precio de reemplazo Tipo de ítem Koha
        Biblioteca del Ateneo de Madrid Biblioteca del Ateneo de Madrid Depósito 2 17/01/2008     C-36568 1063968 23/02/2023 23/02/2023 Libro impreso